00474nam a2200157Ia 4500020001800000082002100018100002900039245004100068260002800109300001100137504002600148650003600174650004100210650002600251650003900277 a9788189884109 a305.420954 CHA-I aChanda, Geetanjali Singh 0aIndian women in the house of fiction aNew DelhibZubaanc2008 ax, 348 aincludes bibliography aWomenvSocial conditionszIndia aHousewivesvSocial conditionszIndia aWomenvHistoryzIndia aWomenvSocialogical aspectszIndia